000 01165nam a2200253 a 4500
001 000021603
005 20240226130803.0
008 100909s1997 dr 000 0 spa d
020 _a9768156473
040 _aDO-SdBNP
_bspa
_cBNPHU
082 _a923.7
_bV635s
100 1 _aVicioso, Sherezada,
_d1948-
_919504
245 1 0 _aSalomé Ureña de Henríquez (1850-1897) :
_ba cien años de un magisterio /
_cSherezada Vicioso (Chiqui).
260 _aSanto Domingo :
_bEditora de Colores,
_c1997.
300 _a48 p. ;
_c21 cm.
500 _aEdición especial de la XXIV Feria Nacional del Libro Salomé Ureña de Henríquez 1997.
500 _aIncluye datos biográficos de la autora en la contracubierta.
505 0 _aIntroducción - La República Dominicana de Salomé -- Praxis poética -- El positivismo -- La creación del Instituto de señoritas Salomé Ureña de Henríquez -- Referencias.
504 _aIncluye referencias bibliográficas y notas al pie de páginas.
504 _aBibliografías : p. 47-48
600 0 _aUREÑA DE HENRIQUEZ, SALOME,
_d1850-1897
_xCRÍTICA E INTERPRETACIÓN
_923820
650 0 _aPoesía dominicana
_966
049 _aBNPD
999 _c21102
_d21102